International review of education / (Record no. 906)

000 -LEADER
fixed length control field 00561nam a22001817a 4500
003 - CONTROL NUMBER IDENTIFIER
control field OSt
005 - DATE AND TIME OF LATEST TRANSACTION
control field 20140116120841.0
008 - FIXED-LENGTH DATA ELEMENTS--GENERAL INFORMATION
fixed length control field 120427t xxu||||| |||| 00| 0 eng d
022 ## - INTERNATIONAL STANDARD SERIAL NUMBER
International Standard Serial Number 00208566 (Print)
022 ## - INTERNATIONAL STANDARD SERIAL NUMBER
International Standard Serial Number 1573-0638 (Online)
240 ## - UNIFORM TITLE
Uniform title <a href="Internationale Zeitschrift fur Erziehungswissenschaft ">Internationale Zeitschrift fur Erziehungswissenschaft </a>
Language of a work German
243 ## - COLLECTIVE UNIFORM TITLE
Unifor title <a href="Revue internationale de l'Education">Revue internationale de l'Education</a>
245 ## - TITLE STATEMENT
Title International review of education /
260 ## - PUBLICATION, DISTRIBUTION, ETC. (IMPRINT)
Place of publication, distribution, etc Netherlands :
Name of publisher, distributor, etc Springer,
504 ## - BIBLIOGRAPHY, ETC. NOTE
Bibliography, etc Includes bibliographical references.
650 ## - SUBJECT ADDED ENTRY--TOPICAL TERM
Topical term or geographic name as entry element Education.
942 ## - ADDED ENTRY ELEMENTS (KOHA)
Source of classification or shelving scheme
Koha item type Periodical
Serial record 1
Holdings
Withdrawn status Lost status Source of classification or shelving scheme Damaged status Not for loan Home library Current library Date acquired Source of acquisition Total Checkouts Full call number Date last seen Price effective from Koha item type
          Riara University Library Riara University Library 27/04/2012 Purchase   Periodical 27/04/2012 27/04/2012 Periodical

Riara University Library,
P.O. Box 49940-00100,
Nairobi, Kenya.